000 01157nam a22003497a 4500
003 CHAP
005 20220329134304.0
008 971013s1983 r 00010 d
010 _a18168
011 _a19140
035 _a23225
040 _cCHAP
082 _a634
_bD4
100 0 0 _aDennis, Colin
_eed.
_931804
245 _aPost-Harvest pathology of fruits and vegetables
260 _aLondon :
_bAcademic Press,
_c1983
300 _a264 p.
_b: ilus.
490 _aFood science and technology
590 _aBATCH-UPD
_b10
_c20130109
_lUCH01
_h2346
590 _aBATCH-UPD
_b10
_c20130110
_lUCH01
_h1658
590 _aBATCH-UPD
_b10
_c20130410
_lUCH01
_h1046
590 _aBATCH-UPD
_b10
_c20130914
_lUCH01
_h1413
590 _aCONVERSION
_b10
_c20130109
_lUCH01
_h1311
650 1 4 _aFitopatología.
_941161
650 1 4 _aFruta
_xEnfermedades.
_943611
650 1 4 _aLegumbres
_xEnfermedades.
_965709
830 0 _aFood science and technology
_942197
901 _aBK
942 _cLIBRO
949 _a634 D4
_bBC
_cLIBRO
_d33724000201315
_eLIBRO
_gI.125701
_h65217
_i23225
_si
949 _a634 D4
_bBC
_cLIBRO
_d33724000201430
_eLIBRO
_fc.2
_gI.153120
_h79561
_i23225
_si
999 _c18168
_d18168